Datum a čas kvízu

21.5 Celkem bodů Celkový počet nahraných bodů na tomto kvízu bez doplňovacích otázek.
13. Pořadí na kvízu Konečné umístění týmu na tomto kvízu.

Zaznamenané odpovědi

# Otázka Odpověď Body Výsledky
1. Který vysoce postavený český p... Petr Pavel 1
2. Minulé úterý proběhla tiskem z... v Maďarsku 0
3. Minulý týden bylo oznámeno, že... Bohumil Hrabal 0
4. Minulý týden došlo v české ene... Westinghouse 0
5. Která česká tenistka získala n... Petra Kvitová 1
6. V tomto tématu bude vaším úkol... Za humny je drak 1
7. Doplňte slovo, kterým končí zn... Homolka 1
8. Seřaďte následující hlášky pod... 1C 2A 3D 4B 0
9. Věta „Děda je hodný, ale překá... Na samotě u lesa, Komárek 1
10. Pěti slovy dokončete hlášku z... nebo se z toho zblázníš 1